Estudio sobre la gestión de los residuos sólidos urbanos en la provincia de Barcelona / realizado por el Gabinete Técnico en colaboración con el Servicio de Cooperación Provincial
Descripción Física:
261 p., 19 map. pleg. col. ; 30 cm
MARC
| LEADER | 00000nam a2200000Ia 4500 | ||
|---|---|---|---|
| 001 | 1595 | ||
| 008 | 160829s1977 xx 000 0 cat d | ||
| 080 | |a C-2-41 | ||
| 245 | |a Estudio sobre la gestión de los residuos sólidos urbanos en la provincia de Barcelona / realizado por el Gabinete Técnico en colaboración con el Servicio de Cooperación Provincial | ||
| 260 | |a Barcelona : |b Diputación de Barcelona, |c 1977 | ||
| 300 | |a 261 p., 19 map. pleg. col. ; |c 30 cm | ||
| 650 | |a Residus |x Barcelona (Província) |9 37112 | ||
| 650 | |a Residus |x Recuperació |x Barcelona (Província) |9 37113 | ||
| 650 | 0 | |a Reciclatge (Residus, etc.) |9 26176 | |
| 710 | 1 | |a Barcelona (Catalunya : Província). |b Diputació |9 52408 | |
| 901 | |a Arxiu | ||
| 942 | |n 1 | ||
| 952 | |0 0 |1 0 |4 0 |6 C241 |7 1 |9 47670 |a Arxiu |b Arxiu |d 2016-12-01 |l 0 |o C-2-41 |p 1595 |r 2016-12-01 00:00:00 |w 2016-12-01 |y ARXIU | ||
| 999 | |c 51469 |d 51469 | ||